Couples célèbres du cinéma français en images #1 - Statistiques

Statistiques générales
  • Ce quiz a été pris 10 071 fois
    9 650 depuis la dernière actualisation
  • Le résultat moyen est 10 sur 18
Statistiques - réponses
Réponses % Correct
Jean Dujardin
95%
Marion Cotillard
90%
Gérard Depardieu
88%
Alexandra Lamy
87%
François Civil
84%
Guillaume Canet
83%
Christian Clavier
81%
Adèle Exarchopoulos
76%
Alain Delon
55%
Jean-Pierre Bacri
42%
Romy Schneider
40%
Marie-Anne Chazel
35%
Yves Montand
31%
Bérénice Bejo
30%
Carole Bouquet
29%
Simone Signoret
29%
Agnès Jaoui
27%
Michel Hazanavicius
27%
Aucun quiz correspondant
Distribution des résultats
% des personnes avec chaque résultat
Percentile par nombre de réponses
Votre historique - résultats
Vous n’avez pas pris ce quiz depuis la dernière actualisation